Statistics for Literature by Letter - B

Click here to take the quiz!

General Stats

  • This quiz has been taken 12,780 times
    (12,593 since last reset)
  • The average score is 12 of 20

Answer Stats

HintAnswer% Correct
A non-fictional account of a person's lifeBiography
97%
Family name of Charlotte, Emily, and AnneBrontë
91%
Best-selling author of "The DaVinci Code" and "Inferno"Dan Brown
88%
Protagonist of "The Hobbit"Bilbo Baggins
83%
Where you might find Sherlock Holmes{Baker} Street
82%
This tale of Grendel may be the oldest English poemBeowulf
79%
Classic youth novel about a lovely dark-colored horseBlack Beauty
78%
He ages in reverse in an F. Scott Fitzgerald storyBenjamin Button
71%
Harry Potter villain, Ms. LestrangeBellatrix
64%
Literary movement of Ginsburg, Kerouac, and Burroughs{Beat} Generation
63%
Aldous Huxley novel featuring the "World Controllers"Brave New World
60%
"Auld Lang Syne" poet. His birthday is a holiday in ScotlandRobert Burns
51%
Some quaint landmarks of Madison County, IABridges
50%
Last name of married poets Robert and Elizabeth BarrettBrowning
50%
Sci-fi author of "Fahrenheit 451"Ray Bradbury
47%
Sexually adventurous poet who wrote "She Walks in Beauty"Lord Byron
44%
W. Somerset Maugham's most well-known novelOf Human {Bondage}
36%
Absurdist Irish playwright who wrote "Waiting for Godot"Samuel Beckett
36%
German term for a "coming-of-age" story{Bildungs}roman
25%
Scottish village that appears for only one day every 100 yearsBrigadoon
22%

Score Distribution

Percentile by Number Answered

Percent of People with Each Score

Your Score History

You have not taken this quiz since the last reset